Online Catalogue and eLibrary

Yuththa kalaththil pennkal (Record no. 4358)

MARC details
000 -LEADER
fixed length control field 00418nam a2200157Ia 4500
005 - DATE AND TIME OF LATEST TRANSACTION
control field 20250430034115.0
008 - FIXED-LENGTH DATA ELEMENTS--GENERAL INFORMATION
fixed length control field 240331s9999 xx 000 0 und d
020 ## - INTERNATIONAL STANDARD BOOK NUMBER
ISBN 9559078038
082 ## - DDC Classification
Item Number - Author Mark WOM
Class No. 891
100 ## - MAIN ENTRY--PERSONAL NAME
Personal name Media collective. ed
245 #0 - TITLE STATEMENT
Title Yuththa kalaththil pennkal
260 ## - PUBLICATION, DISTRIBUTION, ETC.
Place of publication, distribution, etc. Colombo
Name of publisher, distributor, etc. Women & Media Collective
Date of publication, distribution, etc. 2002
300 ## - PHYSICAL DESCRIPTION
Extent (e.g. Volumes, Pages etc.) 117 p .,
500 ## - GENERAL NOTE
General note A book of Sri Lankan Women's Poems
942 ## - Koha item type (Biblio)
Koha item type Books in Stacks (Lending)
Holdings
Lost status Damaged status Collection code Home library Current library Shelving location Date acquired Full call number Accession Number Item type
    Lending WERC Library WERC Library Social Science Cupboard 03/31/2024 894.811 WOM 4818 Books in Stacks (Lending)

© WERC Library